Rossica nitriensia časopis pre otázky teórie ruského jazyka a kultúry

Bibliographic Details
Other Authors: Sokolová, Jana (Publishing director)
Format: Journal
Language:Slovak
Russian
PhysicalDescription:1 zv. 24 cm
Published: Nitra Garmond 2006-2006
ISSN:1336-9091
Subjects:

MARC

LEADER 00000cas a2200000 a 4500
001 vtls008830143
003 SK-MaSNL
005 20260228161104.0
008 060711d20062006xo fr|p 0 b0slo
022 |a 1336-9091 
035 |a (SVKBB03)vtls000244156 
040 |a SVKPO  |b slo  |c SVKPO  |d SVKBB  |d SAVUK  |d SNK  |e AACR2 
041 0 |a slo  |a rus 
044 |a xo  |c SK 
072 7 |a 811.161.1  |x Ruština  |2 konspekt 
072 7 |a 81  |x Lingvistika. Jazyky  |2 konspekt 
080 |a 811.161.1  |2 2011 
080 |a 80(=161.1)+908(470+571)  |2 2011 
080 |a 81`271  |2 2011 
080 |a 050  |2 2001 
080 |a 001(051)  |2 2011 
210 0 |a Ross. nitriensia 
222 0 |a Rossica nitriensia 
245 0 0 |a Rossica nitriensia  |b časopis pre otázky teórie ruského jazyka a kultúry 
260 |a Nitra  |b Garmond  |c 2006-2006 
300 |a 1 zv.  |c 24 cm 
310 |a 2x ročne 
362 0 |a Č. 1 (2006) 
500 |a Vyšlo iba jedno číslo 
500 |a Reg. číslo: MK SR 3567/2006 
500 |a Šéfred.: 2006, Jana Sokolová 
504 |a Bibliogr. ; bibliogr. pozn. ; bibliogr. odkazy 
546 |a Text aj v ruš. 
650 0 7 |a ruština  |2 SNKPH  |9 1346 
650 0 7 |a rusistika  |2 SNKPH  |9 19634 
650 0 7 |a jazyková kultúra  |2 SNKPH  |9 1395 
655 7 |a vedecké časopisy  |2 SNKPH  |9 70520 
700 1 |a Sokolová, Jana  |4 pbd  |9 267953 
910 |a svkpo 
910 |a savuk 
910 |a snk 
916 |a 2006 
999 |c 4270  |d 6200 
952 |0 0  |1 0  |4 0  |7 0  |8 0  |a SNK  |b SNK  |d 2018-12-12  |f 1  |i snk2018/26863  |l 0  |o snkČSC 3907/2006  |p 17A1340740  |r 2026-02-21 22:13:54  |t č. 1  |w 2026-02-21  |y PREZ 
952 |0 0  |1 0  |4 0  |7 0  |8 0  |a SNK  |b SNK  |d 2018-12-12  |i snk2018/26864  |l 0  |o snkČSC 3907/2006 D1  |p 17A1340739  |r 2026-02-21 22:13:54  |t č. 1  |w 2026-02-21  |y PREZ